Movies Quiz

Random Movies or Actor Quiz
Score 0/25 Timer 08:00
0 Plays Today
% Correct
Kung Fu Panda 2
93.2%
Wall-E
91.2%
The Polar Express
88.8%
Alien
88.5%
Ice Age
88.5%
Gandhi
86.5%
Rain Man
85.4%
Driving Miss Daisy
84.7%
The Devil Wears Prada
84%
Apollo 13
82.7%
Forrest Gump
79.6%
The Iron Lady
71.9%
Big
70.7%
% Correct
Catch Me If You Can
67.8%
Predator
66.8%
Mamma Mia
63.5%
Chariots of Fire
62.2%
Fantastic Mr. Fox
62.1%
Anastasia
56.3%
Men in Black
52.6%
Close Encounters of the Third Kind
51.3%
Amadeus
47.2%
Kramer vs. Kramer
46.4%
District 9
42.8%
Kiki's Delivery Service
18.7%
Remove Ads.
Support Sporcle.
Get the best of Sporcle when you Go Orange. This ad-free experience offers more features, more stats, and more fun while also helping to support Sporcle. Thank you for becoming a member.

You're not logged in!

Compare scores with friends on all Sporcle quizzes.
OR
Log In

Show Comments

Extras

Top Quizzes Today


Score Distribution

Your Account Isn't Verified!

In order to create a playlist on Sporcle, you need to verify the email address you used during registration. Go to your Sporcle Settings to finish the process.

Report this User

Report this user for behavior that violates our Community Guidelines.

Details: